Güç ile yönetim (Record no. 18941)

000 -LEADER
fixed length control field 01055nmm a2200325 a 4500
001 - CONTROL NUMBER
control field ocm0002015583
003 - CONTROL NUMBER IDENTIFIER
control field TR-IsHL
005 - DATE AND TIME OF LATEST TRANSACTION
control field 20201028180020.0
008 - FIXED-LENGTH DATA ELEMENTS--GENERAL INFORMATION
fixed length control field 181112s2017 tu tur
007 - PHYSICAL DESCRIPTION FIXED FIELD--GENERAL INFORMATION
fixed length control field cr cn
020 ## - INTERNATIONAL STANDARD BOOK NUMBER
International Standard Book Number 9786059129916
035 ## - SYSTEM CONTROL NUMBER
System control number 2015583
-- (N$T)
050 04 - LIBRARY OF CONGRESS CALL NUMBER
Classification number DR603
Item number .A45 2017
090 04 - LOCALLY ASSIGNED LC-TYPE CALL NUMBER (OCLC); LOCAL CALL NUMBER (RLIN)
Classification number (OCLC) (R) ; Classification number, CALL (RLIN) (NR) DR603
Local cutter number (OCLC) ; Book number/undivided call number, CALL (RLIN) .A45 2017
100 1# - MAIN ENTRY--PERSONAL NAME
Personal name Bolelli, Murat
245 10 - TITLE STATEMENT
Title Güç ile yönetim
Medium [electronic resource] /
Statement of responsibility, etc. Murat Bolelli ; editör Sefer Darıcı
250 ## - EDITION STATEMENT
Edition statement 1. Basım
260 ## - PUBLICATION, DISTRIBUTION, ETC.
Place of publication, distribution, etc. İstanbul :
Name of publisher, distributor, etc. Abaküs Yayınları,
Date of publication, distribution, etc. 2017
300 ## - PHYSICAL DESCRIPTION
Extent 202 p.
500 ## - GENERAL NOTE
General note Kaynakça var.
650 #4 - SUBJECT ADDED ENTRY--TOPICAL TERM
Topical term or geographic name entry element Sosyoloji
650 #4 - SUBJECT ADDED ENTRY--TOPICAL TERM
Topical term or geographic name entry element Sociology
650 #0 - SUBJECT ADDED ENTRY--TOPICAL TERM
Topical term or geographic name entry element Komplo teorisi
650 #0 - SUBJECT ADDED ENTRY--TOPICAL TERM
Topical term or geographic name entry element Conspiracy theory
650 #0 - SUBJECT ADDED ENTRY--TOPICAL TERM
Topical term or geographic name entry element Türkiye
General subdivision Siyaset ve yönetim
-- 21. yüzyıl
650 #0 - SUBJECT ADDED ENTRY--TOPICAL TERM
Topical term or geographic name entry element Turkey
General subdivision Politics and government
-- 21st century
650 #7 - SUBJECT ADDED ENTRY--TOPICAL TERM
Topical term or geographic name entry element POLITICAL SCIENCE / World / Middle Eastern
Source of heading or term bisacsh
700 1# - ADDED ENTRY--PERSONAL NAME
Personal name Darıcı, Sefer
856 40 - ELECTRONIC LOCATION AND ACCESS
Uniform Resource Identifier <a href="http://search.ebscohost.com/login.aspx?direct=true&scope=site&db=e011xww&AN=2015583">http://search.ebscohost.com/login.aspx?direct=true&scope=site&db=e011xww&AN=2015583</a>
Holdings
Withdrawn status Lost status Source of classification or shelving scheme Damaged status Not for loan Collection code Permanent Location Current Location Date acquired Total Checkouts Full call number Barcode Date last seen Price effective from Koha item type
        Online   Kıbrıs Amerikan Üniversitesi Kütüphanesi / American University of Cyprus Kıbrıs Amerikan Üniversitesi Kütüphanesi / American University of Cyprus 28.10.2020   DR603 .A45 2017 2015583 28.10.2020 28.10.2020 E-Kitap
Devinim Yazılım Eğitim Danışmanlık tarafından Koha'nın orjinal sürümü uyarlanarak geliştirilip kurulmuştur.